000 00307nam a22001337a 4500
008 181015b xxu||||| |||| 00| 0 eng d
020 _a0520029488
041 _aeng
080 _a321
100 _a21
101 _aPOL
245 _aPolicy Analysis In The Bureeaucracy
_cMeltsner.A.J
942 _2udc
_cBK
999 _c49693
_d49693